国家高速公路干线交汇点[简单] - Statistics

General Stats
  • This quiz has been taken 10 times
  • The average score is 144 of 263
Answer Stats
高速干线 交汇点 % Correct
G1G10 黑龙江
88%
G1G12 吉林
88%
G1G16 辽宁
88%
G1G25 河北
88%
G1G95 北京
88%
G1G91 辽宁
75%
G2G3 河北
75%
G2 上海
75%
G2G20 山东
75%
G2G22 山东
75%
G2 江苏
75%
G2 江苏
75%
G2 江苏/上海
75%
G2G95 北京
75%
G3 福建
75%
G3G18 河北
75%
G3G20 山东
75%
G3G22 山东
75%
G3G25 福建
75%
G3 江苏/安徽
75%
G3G35 山东
75%
G3 安徽
75%
G3 安徽
75%
G3 安徽
75%
G3 安徽
75%
G3 浙江
75%
G3 福建
75%
G3G95 河北
75%
广东
75%
G18 河北
75%
G20 河北
75%
G22 河北
75%
河南
75%
G35 广东
75%
河南
75%
河南
75%
湖北
75%
G45 广东
75%
湖北
75%
湖南
75%
湖南
75%
湖北
75%
湖南
75%
湖南
75%
广东
75%
广东
75%
G95 河北
75%
G18 河北
75%
G20 山西
75%
G22 山西
75%
陕西
75%
四川
75%
陕西
75%
陕西
75%
陕西
75%
四川
75%
陕西
75%
四川
75%
G95 河北
75%
北京/河北/内蒙古
75%
G18 内蒙古
75%
G20 宁夏
75%
甘肃
75%
内蒙古
75%
内蒙古
75%
宁夏
75%
G95 河北
75%
内蒙古
75%
内蒙古
75%
内蒙古
75%
G95 河北
75%
G10 黑龙江
75%
G10G45 黑龙江
75%
G12 吉林
75%
辽宁
75%
G16 辽宁
75%
G12G45 吉林
75%
G16 辽宁
75%
G18 山东
75%
G20 山东
75%
G22 山东
75%
G25 江苏/广东
75%
江苏
75%
G35 广东
75%
江苏
75%
上海
75%
G45 广东
75%
上海
75%
广东
75%
上海
75%
广东
75%
福建
75%
福建
75%
广东/海南
75%
福建
75%
广东
75%
广东
75%
G91 辽宁
75%
浙江
75%
广东
75%
海南
75%
G16G25 辽宁
75%
G18G25 山东/河北/天津
75%
G18G45 河北
75%
G18 山西
75%
G18 山西
75%
G1G45 北京
63%
G2G18 天津
63%
G2G25 江苏
63%
G2G35 山东
63%
G3G45 北京
63%
山西
63%
山西
63%
G16G45 内蒙古
63%
G18 内蒙古
63%
G20G22 山东
63%
G20G25 山东
63%
G20G35 山东
63%
G20G45 河北
63%
G20 山西
63%
G20 山西
63%
G20 陕西
63%
G20 宁夏
63%
G20 宁夏
63%
G20 宁夏
63%
G22G25 山东
63%
G22 甘肃
63%
G22G35 山东
63%
G22G45 河北
63%
G22 山西
63%
G22 山西
63%
G22 陕西
63%
G25 江苏
63%
G25G35 广东
63%
G25 江苏
63%
G25 江苏
63%
G25 浙江
63%
G25 浙江
63%
G25 浙江
63%
G25 福建
63%
G25 福建
63%
G25 福建
63%
G25 广东
63%
G25G95 河北
63%
G22 甘肃
50%
G22 甘肃/宁夏
50%
G22 甘肃
50%
G25G45 吉林/河北
50%
G35 河南
50%
河南
50%
G45 河南
50%
河南
50%
河南
50%
陕西
50%
陕西
50%
陕西
50%
陕西
50%
G35 安徽
50%
G35 安徽
50%
G35 安徽
50%
G35 安徽
50%
G35 江西
50%
G35 江西
50%
G35 江西
50%
G35 江西
50%
G35 江西
50%
G35 广东
50%
G35 广东
50%
江苏
50%
江苏
50%
G45 河南
50%
河南
50%
江苏/安徽
50%
河南
50%
河南
50%
陕西
50%
G45 河南
38%
G45 湖北
38%
湖北/重庆
38%
湖北
38%
湖北
38%
四川
38%
重庆
38%
湖北
38%
四川
38%
四川
38%
四川
38%
G45 湖北
38%
G45 湖北
38%
G45 江西
38%
G45 湖北
38%
G45 江西
38%
G45 江西
38%
G45 广东
38%
G45 广东
38%
G45G95 河北
38%
湖北
38%
湖北
38%
重庆
38%
湖北
38%
重庆
38%
湖南
38%
湖南
38%
湖北
38%
湖南
38%
湖南
38%
广东
38%
广东
38%
云南
38%
湖南
38%
贵州
38%
江西
38%
贵州
38%
云南
38%
云南
38%
云南
38%
湖南
38%
湖北
38%
重庆
25%
湖南
25%
贵州
25%
广西
25%
广西
25%
广西
25%
广西
25%
湖南
25%
贵州
25%
江西
25%
贵州
25%
贵州
25%
云南
25%
上海/浙江
25%
甘肃
25%
广西
25%
广西
25%
广西
25%
四川
25%
广西
13%
广西
13%
陕西/重庆
13%
陕西
13%
广西
13%
重庆
13%
广西
13%
广西
13%
广西
13%
宁夏/陕西
13%
贵州
13%
贵州
13%
广西
13%
广西
13%
宁夏
13%
贵州
13%
广西
13%
广西
13%
重庆
13%
重庆
13%
海南
13%
四川
13%
云南
13%
云南
13%
云南
13%
广东
13%
No matching quizzes found
Score Distribution
Percent of People with Each Score
Percentile by Number Answered
Your Score History
You have not taken this quiz